| 000 | 02549nam a2200637 i 4500 | ||
|---|---|---|---|
| 001 | 11101 | ||
| 003 | KOSZ 005 | ||
| 005 | 20220908103619.0 | ||
| 008 | 220908s1965 pl a g 001 0 pol | ||
| 015 | _aUWD 1965/4125 | ||
| 035 | _a991006462359705066 | ||
| 035 | _a(PL-WaBN)b11682243-48omnis_nlop | ||
| 035 | _ab11682243 | ||
| 035 | _a(OCoLC)69558495 | ||
| 035 | _a(PL)b0000001168224 | ||
| 035 | _a(EXLNZ-48OMNIS_NETWORK)9910309213505606 | ||
| 040 |
_aWA N _cWA N _dKOSZ 005/RW |
||
| 041 | 1 |
_apol _hdan |
|
| 046 | _k1965 | ||
| 080 | _a002(09) | ||
| 100 | 1 |
_aDahl, Svend _d(1887-1963) _eAutor |
|
| 245 | 1 | 0 |
_aDzieje książki / _cSvend Dahl ; redagował Bronisław Kocowski ; przekładu dokonali Eugeniusz Garbacik, Tadeusz Zapiór, Helena Devechy ; tekst uzupełnili: dziejami książki słowiańskiej Karol Heintsch, dziejami książki polskiej Aleksander Birkenmajer [et al.]. |
| 246 | 1 |
_iTytuł oryginału: _aBogens historie |
|
| 250 | _aWydanie 1 polskie, znacznie rozszerzone. | ||
| 260 |
_aWrocław ; _aWarszawa [etc.] : _bZakł. Nar. im. Ossolińskich, _c1965. |
||
| 300 |
_a455, [1] stron : _bilustracje ; _c24 cm. |
||
| 336 |
_aTekst _btxt _2rdacontent |
||
| 337 |
_aBez urządzenia pośredniczącego _bn _2rdamedia |
||
| 338 |
_aWolumin _bnc _2rdacarrier |
||
| 380 | _aKsiążki | ||
| 380 | _aPublikacje popularnonaukowe | ||
| 388 | 1 | _a1901-2000 | |
| 388 | 1 | _a1945-1989 | |
| 504 | _aBibliografia na stronach [401]-410. Indeks. | ||
| 650 | 7 |
_aBiblioteki _2DBN |
|
| 650 | 7 | _aEkslibrisy | |
| 650 | 7 | _aFormat książki | |
| 650 | 7 | _aOprawy książkowe | |
| 655 | 7 | _aKsiążki | |
| 655 | 7 | _aIlustracje | |
| 655 | 7 | _aOpracowanie | |
| 658 | _aBibliotekarstwo, archiwistyka, muzealnictwo | ||
| 658 | _aHistoria | ||
| 700 | 1 |
_aBirkenmajer, Aleksander _d(1890-1967) _eOpracowanie |
|
| 700 | 1 |
_aDevechy, Helena _eTłumaczenie |
|
| 700 | 1 |
_aGarbacik, Eugeniusz _d(1913-2011) _eTłumaczenie |
|
| 700 | 1 |
_aHeintsch, Karol _d(1902-1971) _eOpracowanie |
|
| 700 | 1 |
_aKocowski, Bronisław _d(1907-1980) _eRedakcja |
|
| 700 | 1 |
_aOżarzewski, Czesław _eOpracowanie |
|
| 700 | 1 |
_aRyszkiewicz, Andrzej _d(1922-2005) _eOpracowanie |
|
| 700 | 1 |
_aZapiór, Tadeusz _d(1899-1988) _eTłumaczenie |
|
| 710 | 2 |
_aWydawnictwo Ossolineum _4pbl |
|
| 856 |
_uhttp://koha.tu.koszalin.pl/cgi-bin/koha/opac-detail.pl?biblionumber=11101 _yKatalog online BPK |
||
| 942 |
_2UKD _cKS |
||
| 999 |
_c11101 _d11101 |
||